01495nam a2200421 i 450000100060000000300080000600500170001400600190003100700150005000800410006502000180010602000270012403500230015103500240017403500250019803500210022304000310024405000210027508200120029610000210030824501030032926400470043230000410047933600310052033700330055133800430058449000510062750000230067850400290070158801250073065000190085565000190087465000190089365000200091265500270093283000520095985600620101122598FlNmELB20241216214023.0m o d | cr cnu||||||||140802s2005 cl ob 001 0 spa d z9789562827836 a9781449253349 (e-book) a(MiAaPQ)EBC3220466 a(Au-PeEL)EBL3220466 a(CaPaEBR)ebr10876850 a(OCoLC)992038421 aFINmELBbspaerdacFINmELB 4aHM101bB225 20050 a3062231 aBaraona, Miguel.10aPuntos de fuga :bel fin de una historia y la trancisión a la hipermodernidad /cMiguel Baraona. 1aSantiago de Chile :bLOM Ediciones,c2005. a1 recurso en línea (173 páginas) atextobtxt2rdacontent/spa acomputadorabc2rdamedia/spa arecurso en líneabcr2rdacarrier/spa1 aColección ciencias humanas. Cultura y cambio aContiene índice. aContiene bibliografía. aDescripción basada en recurso en línea; Título de la página del título en PDF (e-libro, visto august 2, 2014). 0aSocial change. 4aCambio social. 0aPostmodernism. 4aPostmodernismo. 4aLibros electrónicos. 0aColección ciencias humanas. Cultura y cambio.40uhttps://elibro.net/ereader/politecnicointernacional/67912